Statistics for Game of Thrones A-Z

Click here to take the quiz!

General Stats

  • This quiz has been taken 1,500 times
    (505 since last reset)
  • The average score is 21 of 26

Answer Stats

ClueAnswer% Correct
AYoungest daughter of Eddard Stark. For a time she was no one, then she found her name again.Arya Stark
100%
CThe last name and house of the tall pair of brothers known as "The Hound" and "The Mountain"[House] Clegane
97%
FThis house is known for putting off the Red Wedding. An event that the North Remembered.[House] Frey
95%
KThe capital of Westeros, where the family who preside over the seven kingdoms has traditionally resided.King's Landing
93%
SThe ginger-haired, eldest daughter of Eddard Stark. Was engaged to Joffrey and married Tyrion.Sansa Stark
92%
TThe late father of Cersei, Jaime and Tyrion. Was killed by the latter of those while sitting on the privvy.[Lord] Tywin Lannister
91%
GA daughter and wife of the Wildling Craster, she flees his camp with the help of Sam Tarly.Gilly
90%
LEddard's deceased younger sister who in life garnered the affections of both Robert Baratheon and Rhaegar Targaryen.Lyanna Stark
89%
OA Dornishman who was determined to avenge the death of his twin sister and almost did, until he got careless while fighting the Mountain.[Prince] Oberyn Martell
88%
RThe youngest brother of King Robert, who declared himself King in his own right and was the first regent to die during the War of the Five Kings.[King] Renly Baratheon
87%
VA member of the Small Council to quite a few kings and queens, but his true loyalty is to the realm. Known as the Master of Whispers.[Lord] Varys
87%
EThe insane brother of Balon, uncle to Theon and Asha (Yara), who wants to rule the Iron Islands.Euron Greyjoy
86%
MUntil he was burned at the stake, this former Lord Commander of the Night's Watch was known as the King Beyond the Wall.Mance Rayder
86%
YThe free spirited, Wildling lover of Jon Snow, known for her lucky red hair and skill with a bow.Ygritte
84%
WThe Night's Watch guard the realms of men from atop this massive ice structure. It has stood for thousands of years to keep the White Walkers out.[The] Wall
83%
ZThe number of things Jon Snow knows, according to the person whose name starts with Y.Zero
83%
NA warrior queen of the Rhoynar. A Direwolf and a Sandsnake were named in her honour.[Queen] Nymeria
82%
HA supposedly cursed castle in the Riverlands that has felt the burn of dragonfire.Harrenhal
78%
UThe house of the North whose sigil is a roaring, chained giant. In the show, the head of the house died at the Red Wedding and his son sided with House Bolton.[House] Umber
72%
BHoster Tully's estranged brother, who becomes a dutiful soldier to Robb Stark and held Riverrun long after Robb was gone, right until Jaime showed up to take it.Brynden "The Blackfish" Tully
71%
QA Maester who was stripped of his chain for unethical practices. Despite this setback, he found himself as the right hand man of Cersei Lannister.Qyburn
67%
JThe assumed name of an assassin of the House of Black and White who assists the youngest Stark daughter after her escape from the city at letter K and during her time at the fortress at letter H.Jaqen H'ghar
66%
PIt is in this city that Daenerys and Viserys lived until the former was engaged to Drogo. Also where Tyrion found himself after fleeing King's Landing.Pentos
66%
DA noble house of the Dorne, they own the greatsword Dawn. The last famous member of this house died fighting Eddard Stark at the Tower of Joy.[House] Dayne
60%
IThis man is known as the Cheese Monger. Daenerys and Viserys lived in his mansion for a time, until he introduced Dany to Drogo. He later gifted her three dragon's eggs.Illyrio Mopatis
52%
XA prominent, incredibly wealthy businessman of Qarth who convinces the Thirteen to let the Mother of Dragons into their city.Xaro Xhoan Daxos
42%

Score Distribution

Percentile by Number Answered

Percent of People with Each Score

Your Score History

You have not taken this quiz since the last reset